[Event "San Francisco TNM Winter op"]
[Site "San Francisco"]
[Date "2017.01.17"]
[Round "3"]
[White "Allen, Tom"]
[Black "Andries, Craig"]
[Result "0-1"]
[WhiteElo "1558"]
[BlackElo "1878"]
[PlyCount "45"]
[EventDate "2017.01.03"]
[EventType "swiss"]
[EventRounds "8"]
[EventCountry "USA"]
[SourceTitle "EXT 2018"]
[Source "ChessBase"]
[SourceDate "2017.10.13"]
[SourceVersion "1"]
[SourceVersionDate "2017.10.13"]
[SourceQuality "1"]

1. e4 g6 2. d4 Bg7 3. Nf3 c6 4. Nc3 d5 5. exd5 cxd5 6. Bb5+ Bd7 7. Qd3 a6 8. Bxd7+ Qxd7 9. 0-0 e6 10. Re1 Ne7 11. Bf4 0-0 12. Re2 b5 13. a3 Nbc6 14. Be5 Nxe5 15. Nxe5 Qc7 16. Rae1 Rad8 17. Nb1 Nc6 18. Nxc6 Qxc6 19. c3 Rfe8 20. Nd2 Qb6 21. Nf3 f6 22. Qd2 a5 23. Qc2 0-1

[Event "San Francisco Benson Memorial"]
[Site "San Francisco"]
[Date "2016.09.20"]
[Round "8"]
[White "Royzen, Igor"]
[Black "Allen, Tom"]
[Result "1-0"]
[WhiteElo "1867"]
[BlackElo "1410"]
[PlyCount "26"]
[EventDate "2016.08.02"]
[EventType "swiss"]
[EventRounds "9"]
[EventCountry "USA"]
[SourceTitle "EXT 2018"]
[Source "ChessBase"]
[SourceDate "2017.10.13"]
[SourceVersion "1"]
[SourceVersionDate "2017.10.13"]
[SourceQuality "1"]

1. d4 Nf6 2. Bf4 d6 3. e3 Nc6 4. Nf3 Bg4 5. Be2 Bxf3 6. Bxf3 Nd7 7. 0-0 g6 8. c4 Bg7 9. Nc3 e5 10. dxe5 Ndxe5 11. Be2 0-0 12. Qd2 Qd7 13. Rad1 Rad8 1-0

[Event "San Francisco Benson Memorial"]
[Site "San Francisco"]
[Date "2016.08.16"]
[Round "3"]
[White "McKellar, Daniel"]
[Black "Allen, Tom"]
[Result "1-0"]
[WhiteElo "1745"]
[BlackElo "1410"]
[PlyCount "33"]
[EventDate "2016.08.02"]
[EventType "swiss"]
[EventRounds "9"]
[EventCountry "USA"]
[SourceTitle "EXT 2018"]
[Source "ChessBase"]
[SourceDate "2017.10.13"]
[SourceVersion "1"]
[SourceVersionDate "2017.10.13"]
[SourceQuality "1"]

1. e4 e5 2. Nf3 Nc6 3. Bb5 f5 4. d3 Nf6 5. exf5 Bc5 6. 0-0 0-0 7. Be3 d6 8. Bxc5 dxc5 9. Bxc6 bxc6 10. Nxe5 Qd6 11. Nc4 Qd4 12. Nbd2 Bxf5 13. Nf3 Qg4 14. Ne3 Qg6 15. Nh4 Qg5 16. Nhxf5 Nh5 17. h4 1-0

[Event "San Francisco TNM Winter op"]
[Site "San Francisco"]
[Date "2016.01.12"]
[Round "2"]
[White "Allen, Tom"]
[Black "Maser, Thomas F"]
[Result "0-1"]
[WhiteElo "1485"]
[BlackElo "1944"]
[PlyCount "52"]
[EventDate "2016.01.05"]
[EventType "swiss"]
[EventRounds "8"]
[EventCountry "USA"]
[SourceTitle "EXT 2018"]
[Source "ChessBase"]
[SourceDate "2017.10.13"]
[SourceVersion "1"]
[SourceVersionDate "2017.10.13"]
[SourceQuality "1"]

1. e4 e5 2. Nf3 Nc6 3. d4 exd4 4. c3 d5 5. exd5 Qxd5 6. cxd4 Bg4 7. Be2 Bb4+ 8. Nc3 Nf6 9. 0-0 Bxc3 10. bxc3 0-0 11. c4 Qd6 12. a4 Rfe8 13. Ba3 Qf4 14. Ra2 Bxf3 15. Bxf3 Nxd4 16. Bc1 Nxf3+ 17. gxf3 Qh4 18. Qb3 b6 19. Qb5 Qh3 20. Qc6 Rad8 21. Qxc7 Qxf3 22. Ra3 Qh5 23. Re3 Rd1 24. Rxe8+ Nxe8 25. Qb8 Qg4+ 26. Qg3 Rxf1+ 0-1

[Event "San Francisco TNM Fall op"]
[Site "San Francisco"]
[Date "2015.12.01"]
[Round "7"]
[White "Eastham, Asher Dan"]
[Black "Allen, Tom"]
[Result "1-0"]
[WhiteElo "1379"]
[BlackElo "1632"]
[PlyCount "83"]
[EventDate "2015.10.20"]
[EventType "swiss"]
[EventRounds "9"]
[EventCountry "USA"]
[SourceTitle "EXT 2023"]
[Source "ChessBase"]
[SourceDate "2022.10.05"]
[SourceVersion "1"]
[SourceVersionDate "2022.10.05"]
[SourceQuality "1"]

1. e4 e5 2. Nf3 Nc6 3. Bc4 Nf6 4. d3 Bb4+ 5. c3 Be7 6. 0-0 d6 7. Re1 Bg4 8. h3 Bh5 9. Nbd2 Qd7 10. Bb5 a6 11. Ba4 b5 12. Bc2 a5 13. Nf1 d5 14. Ng3 dxe4 15. Nxh5 exf3 16. Nxg7+ Kd8 17. Qxf3 Rg8 18. Nf5 Qd5 19. Qxd5+ Nxd5 20. Bb3 Nf4 21. Bxf4 exf4 22. Nxe7 Nxe7 23. Bxf7 Rg7 24. Bb3 Ra6 25. Re6 c6 26. Rae1 a4 27. Bd1 Ra7 28. a3 Rd7 29. d4 Ng6 30. Bg4 Rge7 31. Kf1 Kc7 32. Rxe7 Rxe7 33. Rxe7+ Nxe7 34. Ke2 Kd6 35. Bf3 Nc8 36. Be4 h6 37. g4 Nb6 38. Bd3 Kd5 39. h4 Nc4 40. Bxc4+ Kxc4 41. g5 hxg5 42. h5 1-0

[Event "San Francisco TNM Fall op"]
[Site "San Francisco"]
[Date "2015.10.27"]
[Round "2"]
[White "Allen, Tom"]
[Black "Andries, Craig"]
[Result "0-1"]
[WhiteElo "1632"]
[BlackElo "1901"]
[PlyCount "60"]
[EventDate "2015.10.20"]
[EventType "swiss"]
[EventRounds "9"]
[EventCountry "USA"]
[SourceTitle "EXT 2023"]
[Source "ChessBase"]
[SourceDate "2022.10.05"]
[SourceVersion "1"]
[SourceVersionDate "2022.10.05"]
[SourceQuality "1"]

1. e4 d6 2. Nf3 Nf6 3. Bc4 e6 4. Nc3 Be7 5. d3 c6 6. 0-0 Nbd7 7. Re1 a5 8. a4 0-0 9. Bg5 Ng4 10. Qd2 Nde5 11. Nxe5 Nxe5 12. Bxe7 Qxe7 13. Ba2 Ng6 14. Re3 Qg5 15. Qe2 Nf4 16. Qf1 e5 17. Rg3 Qh5 18. Re1 Kh8 19. Ne2 Bd7 20. d4 c5 21. dxe5 dxe5 22. b3 Ra6 23. Nxf4 exf4 24. Rd3 Rh6 25. h3 Be6 26. Qe2 Qg5 27. g4 fxg3 28. Rxg3 Qh4 29. Qf1 Bxh3 30. Rxh3 Qxh3 0-1

[Event "San Francisco Leighton Memorial"]
[Site "San Francisco"]
[Date "2015.08.18"]
[Round "3"]
[White "Allen, Tom"]
[Black "Kondakov, Adrian"]
[Result "0-1"]
[WhiteElo "1632"]
[BlackElo "1652"]
[PlyCount "42"]
[EventDate "2015.08.04"]
[EventType "swiss"]
[EventRounds "9"]
[EventCountry "USA"]
[SourceTitle "EXT 2023"]
[Source "ChessBase"]
[SourceDate "2022.10.05"]
[SourceVersion "1"]
[SourceVersionDate "2022.10.05"]
[SourceQuality "1"]

1. e4 e6 2. Nf3 d5 3. c4 dxe4 4. Ne5 Bd6 5. Ng4 f5 6. Ne3 Nf6 7. Nc3 0-0 8. d4 c6 9. Be2 Qe7 10. Qb3 Kh8 11. 0-0 e5 12. c5 Bc7 13. d5 Qxc5 14. dxc6 Nxc6 15. Nc2 Nd4 16. Nxd4 exd4 17. Na4 Qe5 18. g3 d3 19. Bf4 Qe7 20. Bxc7 dxe2 21. Rfc1 e1Q+ 0-1

[Event "San Francisco TNM Spring op"]
[Site "San Francisco"]
[Date "2015.04.07"]
[Round "4"]
[White "Andries, Craig"]
[Black "Allen, Tom"]
[Result "1-0"]
[WhiteElo "1935"]
[BlackElo "1565"]
[PlyCount "47"]
[EventDate "2015.03.17"]
[EventType "swiss"]
[EventRounds "8"]
[EventCountry "USA"]
[SourceTitle "EXT 2016"]
[Source "ChessBase"]
[SourceDate "2015.10.08"]
[SourceVersion "1"]
[SourceVersionDate "2015.10.08"]
[SourceQuality "1"]

1. e4 e5 2. d3 Nf6 3. Nf3 Nc6 4. c4 Bc5 5. h3 d6 6. Nc3 h6 7. a3 a5 8. g3 0-0 9. Bg2 Ne7 10. 0-0 c6 11. Kh2 Be6 12. b3 Nh7 13. d4 exd4 14. Nxd4 Bd7 15. f4 Bxd4 16. Qxd4 Qc7 17. Rd1 Nc8 18. Bb2 c5 19. Nd5 cxd4 20. Nxc7 Rb8 21. Bxd4 Nf6 22. e5 Ne8 23. exd6 Nexd6 24. c5 1-0

[Event "San Francisco TNM Spring op"]
[Site "San Francisco"]
[Date "2015.03.31"]
[Round "3"]
[White "Allen, Tom"]
[Black "Shnaiderman, Lazar"]
[Result "1/2-1/2"]
[WhiteElo "1565"]
[BlackElo "1846"]
[PlyCount "58"]
[EventDate "2015.03.17"]
[EventType "swiss"]
[EventRounds "8"]
[EventCountry "USA"]
[SourceTitle "EXT 2016"]
[Source "ChessBase"]
[SourceDate "2015.10.08"]
[SourceVersion "1"]
[SourceVersionDate "2015.10.08"]
[SourceQuality "1"]

1. e4 c5 2. d4 cxd4 3. c3 g6 4. cxd4 d5 5. e5 Bg7 6. Bb5+ Nc6 7. Nf3 Bg4 8. h3 Bxf3 9. Qxf3 e6 10. Bxc6+ bxc6 11. 0-0 Qb6 12. Qd3 Ne7 13. Nd2 0-0 14. Nb3 Nf5 15. Nc5 Rfe8 16. Rd1 Rad8 17. Bg5 Ne7 18. Qc2 h6 19. Be3 Nf5 20. Rd3 Nxe3 21. Rxe3 Qb4 22. Rd1 Bf8 23. Rb3 Qc4 24. Rd2 Bxc5 25. Rc3 Qa6 26. Rxc5 Qxa2 27. Rxc6 Rb8 28. Rc3 Qa6 29. Qc1 Rec8 1/2-1/2

[Event "San Francisco TNM Winter op"]
[Site "San Francisco"]
[Date "2015.01.13"]
[Round "2"]
[White "Allen, Tom"]
[Black "McCarty Snead, Fianna P"]
[Result "1-0"]
[WhiteElo "1565"]
[BlackElo "588"]
[PlyCount "49"]
[EventDate "2015.01.06"]
[EventType "swiss"]
[EventRounds "8"]
[EventCountry "USA"]
[SourceTitle "EXT 2016"]
[Source "ChessBase"]
[SourceDate "2015.10.08"]
[SourceVersion "1"]
[SourceVersionDate "2015.10.08"]
[SourceQuality "1"]

1. e4 e5 2. Nf3 Bc5 3. Nxe5 Qe7 4. d4 Nf6 5. dxc5 Qxe5 6. Nc3 Qxc5 7. Be3 d5 8. Bxc5 dxe4 9. Nxe4 Nxe4 10. Qe2 Nc6 11. Qxe4+ Be6 12. Bc4 0-0-0 13. Bxe6+ fxe6 14. Qxe6+ Kb8 15. 0-0 Rhe8 16. Qh3 Re5 17. Be3 Nb4 18. Qxh7 Re6 19. Rfe1 g6 20. Bxa7+ Kc8 21. Rxe6 Nxc2 22. Re7 Rd7 23. Rxd7 Nxa1 24. Rxc7+ Kd8 25. Qd7# 1-0

[Event "San Francisco TNM Fall op"]
[Site "San Francisco"]
[Date "2014.12.16"]
[Round "8"]
[White "Allen, Tom"]
[Black "Anderson, Michael Gene"]
[Result "0-1"]
[WhiteElo "1440"]
[BlackElo "1992"]
[PlyCount "48"]
[EventDate "2014.10.21"]
[EventType "swiss"]
[EventRounds "8"]
[EventCountry "USA"]
[SourceTitle "EXT 2016"]
[Source "ChessBase"]
[SourceDate "2015.10.08"]
[SourceVersion "1"]
[SourceVersionDate "2015.10.08"]
[SourceQuality "1"]

1. e4 c5 2. d4 cxd4 3. c3 dxc3 4. Nxc3 Nc6 5. Nf3 a6 6. Bc4 e6 7. 0-0 d6 8. Qe2 Bd7 9. Rd1 Be7 10. Be3 Nf6 11. Na4 b5 12. Nb6 bxc4 13. Nxa8 Qxa8 14. Qxc4 0-0 15. e5 Nxe5 16. Nxe5 dxe5 17. Bg5 Bc6 18. Bxf6 Bxf6 19. Rd6 Bxg2 20. Qg4 Bf3 21. Qc4 Qb8 22. Rd2 e4 23. Qxa6 Qf4 24. Qd6 Be5 0-1

[Event "San Francisco TNM Fall op"]
[Site "San Francisco"]
[Date "2014.11.26"]
[Round "5"]
[White "Harris, Clarence"]
[Black "Allen, Tom"]
[Result "0-1"]
[WhiteElo "1617"]
[BlackElo "1440"]
[PlyCount "50"]
[EventDate "2014.10.21"]
[EventType "swiss"]
[EventRounds "8"]
[EventCountry "USA"]
[SourceTitle "EXT 2016"]
[Source "ChessBase"]
[SourceDate "2015.10.08"]
[SourceVersion "1"]
[SourceVersionDate "2015.10.08"]
[SourceQuality "1"]

1. e4 e5 2. Nf3 Nc6 3. Bb5 f5 4. Nc3 fxe4 5. Nxe4 Nf6 6. Qe2 Be7 7. d3 0-0 8. 0-0 d6 9. h3 a6 10. Ba4 Be6 11. Nfg5 Nd4 12. Nxf6+ Rxf6 13. Qd1 Bd5 14. c3 Nf5 15. Bb3 Bxb3 16. Qxb3+ d5 17. Ne4 Rb6 18. Qc2 dxe4 19. dxe4 Nd6 20. Be3 Rc6 21. Qb3+ Kh8 22. Rad1 Qe8 23. Qd5 Nc4 24. Qd7 Nxe3 25. Qxe8+ Rxe8 0-1

[Event "San Francisco TNM Fall op"]
[Site "San Francisco"]
[Date "2014.11.18"]
[Round "4"]
[White "Allen, Tom"]
[Black "Royzen, Igor"]
[Result "0-1"]
[WhiteElo "1440"]
[BlackElo "1857"]
[PlyCount "88"]
[EventDate "2014.10.21"]
[EventType "swiss"]
[EventRounds "8"]
[EventCountry "USA"]
[SourceTitle "EXT 2016"]
[Source "ChessBase"]
[SourceDate "2015.10.08"]
[SourceVersion "1"]
[SourceVersionDate "2015.10.08"]
[SourceQuality "1"]

1. e4 d5 2. exd5 Qxd5 3. Nc3 Qd6 4. Nf3 Nf6 5. d4 a6 6. Bg5 b5 7. Bxf6 exf6 8. Bd3 Bb7 9. 0-0 Be7 10. Re1 0-0 11. Ne4 Qf4 12. Ng3 Bd6 13. Be4 Nc6 14. Nf5 Rfe8 15. Nxd6 Qxd6 16. Qd3 g6 17. a3 Rad8 18. c3 Qf4 19. Qc2 Nxd4 20. Nxd4 Bxe4 21. Qc1 Qxc1 22. Raxc1 Bd5 23. f3 c5 24. Nc2 Bb3 25. Rxe8+ Rxe8 26. Kf2 f5 27. f4 Kg7 28. Ne3 Kf6 29. h4 Rd8 30. Ke2 Bc4+ 31. Nxc4 bxc4 32. Rd1 Rxd1 33. Kxd1 Ke6 34. Ke2 Kd5 35. Ke3 f6 36. g3 h6 37. Kf3 g5 38. hxg5 fxg5 39. fxg5 hxg5 40. Ke3 Kc6 41. Kf3 Kb5 42. Ke2 Ka4 43. Kd2 Kb3 44. Kc1 f4 0-1

[Event "San Francisco TNM Spring op"]
[Site "San Francisco"]
[Date "2014.05.06"]
[Round "8"]
[White "Allen, Tom"]
[Black "Zulkhuu, Jamayandagva"]
[Result "1-0"]
[WhiteElo "1496"]
[BlackElo "787"]
[PlyCount "57"]
[EventDate "2014.03.18"]
[EventType "swiss"]
[EventRounds "8"]
[EventCountry "USA"]
[SourceTitle "EXT 2016"]
[Source "ChessBase"]
[SourceDate "2015.10.08"]
[SourceVersion "1"]
[SourceVersionDate "2015.10.08"]
[SourceQuality "1"]

1. e4 e5 2. Nf3 Nc6 3. d4 d6 4. dxe5 dxe5 5. Qxd8+ Nxd8 6. Nxe5 Nf6 7. Bd3 Bd6 8. Nc4 Bc5 9. 0-0 0-0 10. Bf4 Ne6 11. Bg3 Nh5 12. Be5 Nhf4 13. Nc3 Nxd3 14. cxd3 c6 15. Na4 Be7 16. Nc3 Rd8 17. Rad1 c5 18. Nd5 Bg5 19. f4 Bh6 20. g4 Nd4 21. Bxd4 cxd4 22. g5 Bg4 23. Rd2 Bxg5 24. fxg5 Bh3 25. Rf4 Be6 26. Nc7 Bxc4 27. Nxa8 Rxa8 28. dxc4 Rd8 29. e5 1-0

[Event "San Francisco TNM Spring op"]
[Site "San Francisco"]
[Date "2014.04.29"]
[Round "7"]
[White "Allen, Tom"]
[Black "West, David Matthew"]
[Result "0-1"]
[WhiteElo "1496"]
[BlackElo "1333"]
[PlyCount "88"]
[EventDate "2014.03.18"]
[EventType "swiss"]
[EventRounds "8"]
[EventCountry "USA"]
[SourceTitle "EXT 2016"]
[Source "ChessBase"]
[SourceDate "2015.10.08"]
[SourceVersion "1"]
[SourceVersionDate "2015.10.08"]
[SourceQuality "1"]

1. e4 e6 2. d4 d5 3. Nd2 c5 4. exd5 exd5 5. dxc5 Bxc5 6. Ngf3 Nc6 7. Bb5 Qb6 8. Qe2+ Nge7 9. Nb3 Bd6 10. Be3 Qc7 11. Bxc6+ bxc6 12. Bd4 0-0 13. Be5 Bg4 14. Bxd6 Qxd6 15. 0-0 Rfe8 16. Qd3 Bf5 17. Qc3 Be4 18. Rad1 Qg6 19. Nbd4 Rac8 20. g3 c5 21. Ne5 cxd4 22. Qxc8 Rxc8 23. Nxg6 Nxg6 24. Rd2 Ne5 25. f4 Nf3+ 26. Rxf3 Bxf3 27. Rxd4 Rxc2 28. Rb4 g6 29. a4 Rc4 30. Rb8+ Kg7 31. b4 d4 32. Kf2 Bd1 33. a5 d3 34. b5 Bc2 35. Ke3 Kf6 36. Rd8 Ke6 37. Rb8 Kd6 38. b6 axb6 39. axb6 Rb4 40. b7 Kc6 41. Rc8+ Kxb7 42. Rf8 f5 43. Rf7+ Kc6 44. Rxh7 Re4+ 0-1

[Event "San Francisco TNM Winter op"]
[Site "San Francisco"]
[Date "2014.02.04"]
[Round "5"]
[White "Allen, Tom"]
[Black "Drane, Robert W"]
[Result "0-1"]
[WhiteElo "1495"]
[BlackElo "1800"]
[PlyCount "34"]
[EventDate "2014.01.07"]
[EventType "swiss"]
[EventRounds "8"]
[EventCountry "USA"]
[SourceTitle "EXT 2016"]
[Source "ChessBase"]
[SourceDate "2015.10.08"]
[SourceVersion "1"]
[SourceVersionDate "2015.10.08"]
[SourceQuality "1"]

1. e4 Nf6 2. Nc3 e5 3. Nf3 Nc6 4. Bb5 d6 5. 0-0 Bg4 6. d3 a6 7. Ba4 b5 8. Bb3 Nd4 9. Bg5 h6 10. Bh4 g5 11. Bg3 Qd7 12. Nd5 Nxd5 13. Bxd5 c6 14. Bb3 f5 15. h3 Bxf3 16. gxf3 f4 17. Bh2 Qxh3 0-1

[Event "San Francisco TNM Winter op"]
[Site "San Francisco"]
[Date "2014.01.28"]
[Round "4"]
[White "Allen, Tom"]
[Black "Maser, Thomas F"]
[Result "0-1"]
[WhiteElo "1495"]
[BlackElo "1947"]
[PlyCount "44"]
[EventDate "2014.01.07"]
[EventType "swiss"]
[EventRounds "8"]
[EventCountry "USA"]
[SourceTitle "EXT 2016"]
[Source "ChessBase"]
[SourceDate "2015.10.08"]
[SourceVersion "1"]
[SourceVersionDate "2015.10.08"]
[SourceQuality "1"]

1. e4 e5 2. Nf3 Nc6 3. d4 exd4 4. c3 d5 5. exd5 Qxd5 6. cxd4 Bg4 7. Be2 Bb4+ 8. Nc3 Qa5 9. a3 Bxf3 10. Bxf3 Bxc3+ 11. bxc3 Qxc3+ 12. Bd2 Qxd4 13. 0-0 Nge7 14. Ra2 0-0 15. Qb3 Qb6 16. Qc3 Nd4 17. Bd1 c5 18. Rb2 Qc6 19. Re1 Rfe8 20. Bf3 Nxf3+ 21. Qxf3 Qxf3 22. gxf3 b6 0-1

[Event "San Francisco TNM Winter op"]
[Site "San Francisco"]
[Date "2014.01.07"]
[Round "1"]
[White "Niemann, Hans Moke"]
[Black "Allen, Tom"]
[Result "1-0"]
[WhiteElo "1979"]
[BlackElo "1495"]
[PlyCount "39"]
[EventDate "2014.01.07"]
[EventType "swiss"]
[EventRounds "8"]
[EventCountry "USA"]
[SourceTitle "EXT 2016"]
[Source "ChessBase"]
[SourceDate "2015.10.08"]
[SourceVersion "1"]
[SourceVersionDate "2015.10.08"]
[SourceQuality "1"]

1. e4 e5 2. Nf3 Nc6 3. Bc4 Nf6 4. Ng5 Bc5 5. Bxf7+ Ke7 6. Bd5 d6 7. 0-0 Bg4 8. Nf3 Nd4 9. d3 Qe8 10. Nbd2 Qh5 11. Bxb7 Rab8 12. Ba6 Rhf8 13. h3 Bxh3 14. Nxd4 Bg4 15. Nc6+ Kd7 16. Nxb8+ Rxb8 17. Nf3 Qg6 18. Be3 Bb6 19. a4 Bh3 20. Nh4 1-0